|
|
|
|
| LEADER |
00000nam0a2200000 4500 |
| 001 |
274599 |
| 005 |
20231101234738.0 |
| 020 |
|
|
|a RU
|b 85-80535
|
| 035 |
|
|
|a (RuTPU)RU\TPU\book\297809
|
| 090 |
|
|
|a 274599
|
| 100 |
|
|
|a 20141106d1985 k y0rusy5003 ca
|
| 101 |
0 |
|
|a rus
|
| 102 |
|
|
|a UA
|
| 105 |
|
|
|a a z 001zy
|
| 200 |
1 |
|
|a Исследования по классической и квантовой теории гравитации
|e сборник научных трудов
|f Днепропетровский государственный университет имени 300-летия воссоединения Украины с Россией
|
| 210 |
|
|
|a Днепропетровск
|c Изд-во ДГУ
|d 1985
|
| 215 |
|
|
|a 84 с.
|c ил.
|d 20 см
|
| 320 |
|
|
|a Библиография в конце статей
|
| 606 |
1 |
|
|a Гравитация
|x (механика)
|2 stltpush
|3 (RuTPU)RU\TPU\subj\64891
|9 81591
|
| 610 |
1 |
|
|a всемирное тяготение
|
| 610 |
1 |
|
|a скалярное поле
|
| 610 |
1 |
|
|a физические структуры
|
| 610 |
1 |
|
|a анизотропное пространство-время
|
| 610 |
1 |
|
|a конформная аномалия
|
| 610 |
1 |
|
|a теория относительности
|
| 610 |
1 |
|
|a сферически симметричные метрики
|
| 610 |
1 |
|
|a сшивка
|
| 610 |
1 |
|
|a уравнения Эйнштейна
|
| 610 |
1 |
|
|a точные решения
|
| 610 |
1 |
|
|a физические константы
|
| 610 |
1 |
|
|a гравитационные волны
|
| 610 |
1 |
|
|a анизотропные космологические модели
|
| 675 |
|
|
|a 531.5
|z rus
|v 4
|
| 712 |
0 |
2 |
|a Днепропетровский государственный университет имени 300-летия воссоединения Украины с Россией
|2 stltpush
|3 (RuTPU)RU\TPU\col\11280
|
| 801 |
|
0 |
|a RU
|b RuMRKP
|c 19950704
|g psbo
|
| 801 |
|
1 |
|a RU
|b 63413507
|c 20141106
|
| 801 |
|
2 |
|a RU
|b 63413507
|c 20170324
|g RCR
|
| 942 |
|
|
|c BK
|